Vývoj a perspektívy svetovej ekonomiky: spomalenie rastu a vysoká nezamestnanosť
Informácia o konaní konferencie s názvom Vývoj a perspektívy svetovej ekonomiky: spomalenie rastu a vysoká nezamestnanosť, ktorá sa uskutočnila dňa 20. septembra 2011 v priestoroch Ekonomickej univerzity v Bratislave.
Enregistré dans:
| Auteur principal: | |
|---|---|
| Format: | Chapitre de livre |
| Langue: | slovaque |
| Sujets: | |
| Tags: |
Pas de tags, Soyez le premier à ajouter un tag!
|
MARC
| LEADER | 00000naa a2200000 4500 | ||
|---|---|---|---|
| 001 | 0146248 | ||
| 005 | 20240613140217.3 | ||
| 041 | 0 | |a slo | |
| 044 | |a SK | ||
| 245 | 1 | 0 | |a Vývoj a perspektívy svetovej ekonomiky: spomalenie rastu a vysoká nezamestnanosť |c Martina Machová |
| 520 | |a Informácia o konaní konferencie s názvom Vývoj a perspektívy svetovej ekonomiky: spomalenie rastu a vysoká nezamestnanosť, ktorá sa uskutočnila dňa 20. septembra 2011 v priestoroch Ekonomickej univerzity v Bratislave. | ||
| 610 | 2 | 0 | |a konferencie |
| 610 | 2 | 0 | |a vývoj hospodársky |
| 610 | 2 | 0 | |a rast hospodársky |
| 610 | 2 | 0 | |a nezamestnanosť |
| 610 | 2 | 0 | |a hospodárstvo svetové |
| 100 | 1 | |a Machová, Martina | |